000 00414nam a2200157Ia 4500
008 210324s9999||||xx |||||||||||||| ||und||
040 _cSTCPL
041 _hMAL
082 _a894.812 3
_bRAJ-K
100 _aKpâºâ¿M]Nã… ]N.
245 0 _aKaruppu
_hകറുപ്പ്
260 _aKottayam
_bNational Book Stall
_c1975
300 _a136
650 _aGeneralജീവചരിത്രം
942 _cBK
999 _c21836
_d21836